| 000 | 00916cam a22002534a 4500 | ||
|---|---|---|---|
| 020 | _a1405136332 (hardcover : alk. paper) | ||
| 020 | _a9781405136334 (hardcover : alk. paper) | ||
| 040 | _cDLC | ||
| 082 | 0 | 0 | _a331 BER 2007 C166 Or. |
| 245 | 0 | 0 |
_aAdjustment policies, poverty, and unemployment : _bthe IMMPA framework / |
| 260 |
_aMalden, MA : _bBlackwell Pub., _c2007. |
||
| 300 |
_axii, 543 p. : _bill. ; _c24 cm. |
||
| 650 | 0 | _aStructural adjustment (Economic policy) | |
| 650 | 0 | _aPoverty | |
| 650 | 0 | _aUnemployment | |
| 650 | 0 | _aMacroeconomics | |
| 700 | 1 | _aAgénor, Pierre-Richard. | |
| 700 | 1 | _aIzquierdo, Alejandro, | |
| 700 | 1 | _aJensen, Henning Tarp. | |
| 856 | 4 | 1 | _uhttp://www.loc.gov/catdir/toc/ecip069/2006006935.html |
| 856 | 4 | 2 | _uhttp://www.loc.gov/catdir/enhancements/fy0802/2006006935-b.html |
| 856 | 4 | 2 | _uhttp://www.loc.gov/catdir/enhancements/fy0808/2006006935-d.html |
| 942 | _cAEDBB | ||
| 999 |
_c19352 _d19352 |
||